| 000 -LEADER |
| fixed length control field |
01994cam a22003617a 4500 |
| 001 - CONTROL NUMBER |
| control field |
14327822 |
| 003 - CONTROL NUMBER IDENTIFIER |
| control field |
NUST |
| 005 - DATE AND TIME OF LATEST TRANSACTION |
| control field |
20171102123609.0 |
| 008 - FIXED-LENGTH DATA ELEMENTS--GENERAL INFORMATION |
| fixed length control field |
060404s2006 nyua 001 0 eng d |
| 010 ## - LIBRARY OF CONGRESS CONTROL NUMBER |
| LC control number |
2006296118 |
| 020 ## - INTERNATIONAL STANDARD BOOK NUMBER |
| International Standard Book Number |
007158921x |
| 035 ## - SYSTEM CONTROL NUMBER |
| System control number |
(OCoLC)ocm62754581 |
| 040 ## - CATALOGING SOURCE |
| Original cataloging agency |
SINAP |
| Transcribing agency |
SINAP |
| Modifying agency |
TXA |
| -- |
BAKER |
| -- |
IWA |
| -- |
DLC |
| 042 ## - AUTHENTICATION CODE |
| Authentication code |
lccopycat |
| 050 00 - LIBRARY OF CONGRESS CALL NUMBER |
| Classification number |
TD201 |
| Item number |
.W337 no. 29 |
| Classification number |
TD758.5.N87 |
| 082 00 - DEWEY DECIMAL CLASSIFICATION NUMBER |
| Classification number |
628.1/68 s |
| -- |
628.357 WEF |
| Edition number |
22 |
| 245 00 - TITLE STATEMENT |
| Title |
Biological nutrient removal (BNR) operation in wastewater treatment plants / |
| Statement of responsibility, etc. |
prepared by the Biological Nutrient Removal (BNR) Operation in Wastewater Treatment Plants Task Force of the Water Environment Federation and the American Society of Civil Engineers/Environmental and Water Resources Institute. |
| 260 ## - PUBLICATION, DISTRIBUTION, ETC. |
| Place of publication, distribution, etc. |
New York : |
| Name of publisher, distributor, etc. |
McGraw-Hill, |
| Date of publication, distribution, etc. |
c2006. |
| 300 ## - PHYSICAL DESCRIPTION |
| Extent |
xliv, 597 p. : |
| Other physical details |
ill. ; |
| Dimensions |
25 cm. |
| 490 1# - SERIES STATEMENT |
| Series statement |
WEF manual of practice ; |
| Volume/sequential designation |
no. 29 |
| 490 1# - SERIES STATEMENT |
| Series statement |
ASCE/EWRI manuals and reports on engineering practice ; |
| Volume/sequential designation |
no. 109 |
| 500 ## - GENERAL NOTE |
| General note |
Includes index. |
| 500 ## - GENERAL NOTE |
| General note |
"Manual of practice no. 30"--Cover. |
| 501 ## - WITH NOTE |
| With note |
H.B |
| 650 #0 - SUBJECT ADDED ENTRY--TOPICAL TERM |
| Topical term or geographic name entry element |
Sewage |
| General subdivision |
Purification |
| -- |
Nutrient removal. |
| 9 (RLIN) |
5723 |
| 710 2# - ADDED ENTRY--CORPORATE NAME |
| Corporate name or jurisdiction name as entry element |
Water Environment Federation. |
| Subordinate unit |
Biological Nutrient Removal (BNR) Operation in Wastewater Treatment Plants Task Force. |
| 9 (RLIN) |
5864 |
| 710 2# - ADDED ENTRY--CORPORATE NAME |
| Corporate name or jurisdiction name as entry element |
Environmental and Water Resources Institute (U.S.) |
| 9 (RLIN) |
5865 |
| 830 #0 - SERIES ADDED ENTRY--UNIFORM TITLE |
| Uniform title |
Manual of practice ; |
| Volume/sequential designation |
no. 29. |
| 9 (RLIN) |
5866 |
| 830 #0 - SERIES ADDED ENTRY--UNIFORM TITLE |
| Uniform title |
ASCE manuals and reports on engineering practice ; |
| Volume/sequential designation |
no. 109 |
| 9 (RLIN) |
5867 |
| 856 42 - ELECTRONIC LOCATION AND ACCESS |
| Materials specified |
Contributor biographical information |
| Uniform Resource Identifier |
<a href="http://www.loc.gov/catdir/enhancements/fy0634/2006296118-b.html">http://www.loc.gov/catdir/enhancements/fy0634/2006296118-b.html</a> |
| 856 42 - ELECTRONIC LOCATION AND ACCESS |
| Materials specified |
Publisher description |
| Uniform Resource Identifier |
<a href="http://www.loc.gov/catdir/enhancements/fy0634/2006296118-d.html">http://www.loc.gov/catdir/enhancements/fy0634/2006296118-d.html</a> |
| 856 41 - ELECTRONIC LOCATION AND ACCESS |
| Materials specified |
Table of contents only |
| Uniform Resource Identifier |
<a href="http://www.loc.gov/catdir/enhancements/fy0634/2006296118-t.html">http://www.loc.gov/catdir/enhancements/fy0634/2006296118-t.html</a> |
| 906 ## - LOCAL DATA ELEMENT F, LDF (RLIN) |
| a |
7 |
| b |
cbc |
| c |
copycat |
| d |
2 |
| e |
ncip |
| f |
20 |
| g |
y-gencatlg |
| 942 ## - ADDED ENTRY ELEMENTS (KOHA) |
| Source of classification or shelving scheme |
|
| Koha item type |
Book |
| Call number prefix |
IESE |